000 01524nam a22004577a 4500
003 OSt
005 20230719150301.0
008 221006b |||||||| |||| 00| 0 eng d
040 _cBiblioteca Lado V
082 _a701.18
_bI24p
100 _9905
_aIguiñez, Natalia
_eeditor
245 _aProtesis/
260 _bUniversidad Católica de Perú
_bFacultad de Arte
_aPerú
_c2005
300 _c21x27cm
_a81p.
490 _a3
_v3
505 _aEditorial
505 _aforma vs. concepto
505 _aSeñales, huellas, vestigios
505 _ael invisible laberinto del neobarroco
505 _ala memoria portatil
505 _aruta cartografica
505 _afosforescente, edipico y tropical
505 _athis is just an interview
505 _a(des)articulando el sentido
505 _acubo blanco flexi-texts
505 _ael tiempo del encuentro
505 _amemoria escrita y por escribir
505 _aa fan is a weapon
505 _adesconciertos del propio ser
505 _aperspectivas desde el diseño industrial
505 _asine qua non
505 _asantos híbridos de la avenida abancay
505 _atexto pirata
505 _aortesis
650 _2Tesauro de Arte & Arquitectura
_aARTE
650 _2Tesauro de Arte & Arquitectura
_aCRITICA
_9702
650 _2Tesauro de Arte & Arquitectura
_aCULTURA
_9702
651 _2Tesauro de Arte & Arquitectura
_aPERÚ
710 _aFundación LA LLAMA
_eeditor
942 _2ddc
_c1
_h701.18
_iI24p
_n0
999 _c4078
_d4078